MARC details
| 000 -LEADER |
| fixed length control field |
03743cam a2200385 i 4500 |
| 001 - CONTROL NUMBER |
| control field |
200468099 |
| 003 - CONTROL NUMBER IDENTIFIER |
| control field |
TR-AnTOB |
| 005 - DATE AND TIME OF LATEST TRANSACTION |
| control field |
20260414100523.0 |
| 007 - PHYSICAL DESCRIPTION FIXED FIELD--GENERAL INFORMATION |
| fixed length control field |
ta |
| 008 - FIXED-LENGTH DATA ELEMENTS--GENERAL INFORMATION |
| fixed length control field |
260414t19791979mau 001 1 eng |
| 010 ## - LIBRARY OF CONGRESS CONTROL NUMBER |
| LC control number |
78069581 |
| 020 ## - INTERNATIONAL STANDARD BOOK NUMBER |
| International Standard Book Number |
0395263875 |
| Qualifying information |
(paperback) |
|
| International Standard Book Number |
9780395263877 |
| 035 ## - SYSTEM CONTROL NUMBER |
| System control number |
2266359 |
|
| System control number |
(TR-AnTOB)200468099 |
| 040 ## - CATALOGING SOURCE |
| Original cataloging agency |
DLC |
| Language of cataloging |
eng |
| Description conventions |
rda |
| Transcribing agency |
DLC |
| Modifying agency |
DLC |
| -- |
TR-AnTOB |
| 041 0# - LANGUAGE CODE |
| Language code of text/sound track or separate title |
İngilizce |
| 050 04 - LIBRARY OF CONGRESS CALL NUMBER |
| Classification number |
PN6014 |
| Item number |
.S76 1979 |
| 090 ## - LOCALLY ASSIGNED LC-TYPE CALL NUMBER (OCLC); LOCAL CALL NUMBER (RLIN) |
| Classification number (OCLC) (R) ; Classification number, CALL (RLIN) (NR) |
PN6014 |
| Local cutter number (OCLC) ; Book number/undivided call number, CALL (RLIN) |
.S76 1979 |
| 245 00 - TITLE STATEMENT |
| Title |
Story to anti-story / |
| Statement of responsibility, etc. |
[compiled by] Mary Rohrberger. |
| 264 #1 - PRODUCTION, PUBLICATION, DISTRIBUTION, MANUFACTURE, AND COPYRIGHT NOTICE |
| Place of production, publication, distribution, manufacture |
Boston : |
| Name of producer, publisher, distributor, manufacturer |
Houghton Mifflin Company, |
| Date of production, publication, distribution, manufacture, or copyright notice |
1979. |
|
| Date of production, publication, distribution, manufacture, or copyright notice |
©1979 |
| 300 ## - PHYSICAL DESCRIPTION |
| Extent |
xiii, 780 pages ; |
| Dimensions |
24 cm |
| 336 ## - CONTENT TYPE |
| Content type term |
text |
| Content type code |
txt |
| Source |
rdacontent |
| 337 ## - MEDIA TYPE |
| Media type term |
unmediated |
| Media type code |
n |
| Source |
rdamedia |
| 338 ## - CARRIER TYPE |
| Carrier type term |
volume |
| Carrier type code |
nc |
| Source |
rdacarrier |
| 500 ## - GENERAL NOTE |
| General note |
Includes index. |
| 505 0# - FORMATTED CONTENTS NOTE |
| Formatted contents note |
The legend of Sleepy Hollow / Washington Irvine -- The hollow of the three hills; Roger Malvin's burial; The maypole of Merry Mount / Nathaniel Hawthorne -- The fall of the House of Usher; Ligeia; The masque of the red death / Edgar Allan Poe -- The diary of a madman / Nikolai Gogol -- Benito Cereno / Herman Melville -- The dream of a ridiculous man / Feodor Dostoevsky -- My platonic sweetheart / Mark Twain (Samuel Langhorne Clemens) -- The tree of knowledge / Henry James -- La Mere Sauvage / Guy de Maupassant -- The secret sharer / Joseph Conrad -- The open boat / Stephen Crane -- A trifle from real life; La cigale; Dreams / Anton Chekhov -- Juan Manso: A dead man's tale / Miguel de Unamuno -- Horse in the moon / Luigi Pirandello -- The infant prodigy / Thomas Mann -- Death in the woods / Sherwood Anderson -- An encounter; Two gallants; Clay / James Joyce -- The Prussian officer / D. H. Lawrence -- The wind blows; The daughters of the late colonel; The man without a temperament / Katherine Mansfield -- Blood-burning moon / Jean Toomer -- The fig tree / Katherine Anne Porter -- The baby party / F. Scott Fizgerald -- A rose for Emily / William Faulkner -- In another country / Ernest Hemingway -- Flight / John Steinbeck -- Judas / Frank O'Connor -- The black wedding / Isaac Bashevis Singer -- The room / Jean-Paul Sartre -- Keela, the outcast Indian maiden / Eudora Welty -- Flying home / Ralph Ellison -- The deep range / Arthur C. Clarke -- A tree, a rock, a cloud / Carson McCullers -- Everything that rises must converge / Flannery O'Connor -- The Leopold locked room / Edward D. Hoch -- The black prince / Shirley Ann Grau -- Shifting / Ann Beattie -- The hunter Gracchus; A country doctor / Franz Kafka -- The Babylon lottery; The garden of forking paths / Jorge Luis Borges -- The Leonardo; The visit to the museum; "That in Aleppo once..."; Vladimir Nabokov -- Tropism XVIII / Nathalie Sarraute -- Hands / Tommaso Landolfi -- Idiots first / Bernard Malamud -- The secret room / Alain Robbe-Grillet -- In the heart of the heart of the country / William Gass -- Mr. Blue / Robert Creeley -- The whole truth / Frank London Brown -- The incredible and sad tale of innocent Erendira and her heartless grandmother / Gabriel Garcia Marquez -- Lost in the funhouse / John Barth -- Views of my father weeping; A city of churches / Donald Barthelme -- Scenes from the Thistledown Theatre / Irene Musillo Mitchell -- The babysitter / Robert Coover -- The birds / Ronald Sukenick -- Answers in progress / Imamu Amiri Baraka (Leroi Jones) -- How I contemplated the world from the Detroit House of Correction and began my life over again / Joyce Carol Oates. |
| 650 #0 - SUBJECT ADDED ENTRY--TOPICAL TERM |
| Topical term or geographic name entry element |
Short stories |
| 9 (RLIN) |
45955 |
| 655 #7 - INDEX TERM--GENRE/FORM |
| Genre/form data or focus term |
Short stories |
| Source of term |
lcgft |
| 9 (RLIN) |
153047 |
| 700 1# - ADDED ENTRY--PERSONAL NAME |
| Personal name |
Rohrberger, Mary |
| Relator term |
compiler |
| Relator code |
com |
| 9 (RLIN) |
153638 |
| 942 ## - ADDED ENTRY ELEMENTS (KOHA) |
| Source of classification or shelving scheme |
Library of Congress Classification |
| Koha item type |
Book |